Top 20 Premier League Goal Scoring Seasons - Statistics

General Stats
  • This quiz has been taken 32 times
  • The average score is 17 of 20
Answer Stats
Hint Answer % Correct
32* (2017-18) Mohamed Salah
100%
29* (2024-25) Mohamed Salah
100%
36* (2022-23) Erling Haaland
96%
27* (2023-24) Erling Haaland
96%
30 (2022-23) Harry Kane
96%
30 (2017-18) Harry Kane
96%
29 (2016-17) Harry Kane
96%
34 (1994-95) Alan Shearer
93%
31 (1993-94) Alan Shearer
93%
31 (1995-96) Alan Shearer
93%
31 (2007-08) Cristiano Ronaldo
93%
30 (2003-04) Thierry Henry
93%
27 (2005-06) Thierry Henry
93%
27 (2011-12) Wayne Rooney
89%
29 (2009-10) Didier Drogba
82%
34 (1993-94) Andy Cole
79%
30 (2011-12) Robin Van Persie
79%
31 (2013-14) Luis Suarez
75%
28 (1995-96) Robbie Fowler
61%
30 (1999-2000) Kevin Philipps
21%
No matching quizzes found
Score Distribution
Percent of People with Each Score
Percentile by Number Answered
Your Score History
You have not taken this quiz